Word Ladder: David Bowie Quiz Stats

 Plays Quiz Updated Apr 16, 2015

Challenge
Share
Tweet
Embed
Score 0/32 Timer 03:00
5 Plays Today
Clue 4-Letter Word % Correct
★____ Jagger, dueted with Bowie on 'Dancing in the Street'★MICK
98.4%
Not LessMORE
93.5%
Along ____ Polly, 2004 Ben Stiller filmCAME
92.6%
Female horseMARE
92%
Sleeveless garment usually associated with superheroesCAPE
91.1%
★Life on ____?, song (from 1971 album)★MARS
90.7%
____ Lock, a key on your keyboardCAPS
90%
Slang term for a detectiveDICK
89.7%
The bigger they are, the harder they ____FALL
87.4%
A pier or wharfDOCK
87.4%
★'The Man Who ____ To Earth', 1976 David Bowie film★FELL
86.5%
Pixar film released in 2006CARS
86.1%
Aquatic mammal closely related to walruses SEAL
85.1%
Pejorative term similar to nerd or geekDORK
84.6%
RippedTORE
82.5%
The line formed by sewing together two materialsSEAM
80.9%
Clue 4-Letter Word % Correct
Exchange for moneySELL
80.1%
★Hunky ____, 1971 David Bowie album★DORY
80%
A spoiled or immature childBRAT
77.1%
Member of the UK's Conservative partyTORY
74.7%
Metric unit of massGRAM
73.7%
To shut, strike or throw with forceSLAM
70.3%
★____ Rock, sub-genre of music often linked with Ziggy Stardust★GLAM
70%
True ____, novel adapted for film in 1969 and 2010GRIT
69.2%
★____ Award, David Bowie has won two of these UK-based music awards★BRIT
65.7%
Bleak, depressing or dourGRIM
65.3%
Middle Eastern countryIRAN
64.2%
★1975 Bowie song that reached #1 on Billboard Hot 100★FAME
61.3%
The partly ground husk of wheat or other grainBRAN
60.2%
Money exchanged for a serviceFARE
49.8%
A type of Scottish biscuitFARL
44.1%
★Mononym of Bowie's Somali-born wife★IMAN
38.8%

Today's Daily Dose

You're not logged in!

Compare scores with friends on all Sporcle quizzes.
OR
Log In

You Might Also Like...

Show Comments

Extras

Top Quizzes Today


Score Distribution

Your Account Isn't Verified!

In order to create a playlist on Sporcle, you need to verify the email address you used during registration. Go to your Sporcle Settings to finish the process.

Report this User

Report this user for behavior that violates our Community Guidelines.

Details: